Hodnotenie návratnosti investičných aktivít vo vybranom podniku a ich prispôsobovanie zmenám prostredia v súlade s environmentálnym rozvojom diplomová práca

Guardado en:
Detalles Bibliográficos
Autor principal: Girgošková, Lucia
Autor Corporativo: Podnikovohospodárska fakulta EU so sídlom v Košiciach. Katedra ekonómie
Otros Autores: Andrejovský, Pavol, 1975-
Formato: Libro
Lenguaje:eslovaco
Publicado: Košice 2019
Etiquetas: Agregar Etiqueta
Sin Etiquetas, Sea el primero en etiquetar este registro!

MARC

LEADER 00000nbm a2200000 4500
001 0254749
005 20240827092340.9
041 0 |a slo 
044 |a SK 
245 1 0 |a Hodnotenie návratnosti investičných aktivít vo vybranom podniku a ich prispôsobovanie zmenám prostredia v súlade s environmentálnym rozvojom  |b diplomová práca  |c Lucia Girgošková ; školiteľ: Pavol Andrejovský 
264 1 |a Košice  |c 2019 
300 |a 66 s. 
100 1 |a Girgošková, Lucia 
700 1 |a Andrejovský, Pavol, 1975- 
710 2 |a Podnikovohospodárska fakulta EU so sídlom v Košiciach. Katedra ekonómie